Librería de jueces, utilísima, y universal... (Record no. 8689)

MARC details
000 -CABECERA
campo de control de longitud fija 00821nam a2200229 a 4500
001 - NÚMERO DE CONTROL
campo de control BRCA_9039
005 - FECHA Y HORA DE LA ÚLTIMA TRANSACCIÓN
campo de control 20190320210513.0
008 - DATOS DE LONGITUD FIJA--INFORMACIÓN GENERAL
campo de control de longitud fija 160817s1774----sp-#######---#000-0#spa-#
041 ## - CÓDIGO DE LENGUA
Código de lengua del texto/banda sonora o título independiente spa
044 ## - CÓDIGO DEL PAÍS DE LA ENTIDAD EDITORA/PRODUCTORA
Código MARC del país sp
084 ## - OTRO NÚMERO DE CLASIFICACIÓN
Número de clasificación BE88
Número de documento/Ítem .M37 1774
100 1# - ENTRADA PRINCIPAL--NOMBRE DE PERSONA
Nombre de persona Martínez, Manuel Silvestre
9 (RLIN) 21602
245 10 - MENCIÓN DE TÍTULO
Título Librería de jueces, utilísima, y universal...
Resto del título tomo primero...
Mención de responsabilidad, etc. su autor el Lic. D. Manuel Sylvestre Martínez...
260 ## - PUBLICACIÓN, DISTRIBUCIÓN, ETC.
Lugar de publicación, distribución, etc. Madrid
Nombre del editor, distribuidor, etc. En la Imprenta de Blas Román
Fecha de publicación, distribución, etc. 1774
300 ## - DESCRIPCIÓN FÍSICA
Extensión 464 p. (t.1)
Dimensiones 22.7x 16.3 cm
500 ## - NOTA GENERAL
Nota general Con privilegio
500 ## - NOTA GENERAL
Nota general Dedicado al Excmo. Sr. Conde de Aranda
500 ## - NOTA GENERAL
Nota general Estado físico: Presenta encuadernación en pergamino, con presencia del pez de plata y carece de cintas
650 14 - PUNTO DE ACCESO ADICIONAL DE MATERIA--TÉRMINO DE MATERIA
Término de materia o nombre geográfico como elemento de entrada Juisprudencia
Subdivisión cronológica S. XVIII
Subdivisión geográfica España
9 (RLIN) 21937
902 ## - CATALOGADOR
Iniciales CFM
942 ## - ELEMENTOS DE PUNTO DE ACCESO ADICIONAL (KOHA)
Fuente del sistema de clasificación o colocación Library of Congress Classification
Tipo de ítem Koha Libros
Holdings
Estado de retiro Estado de pérdida Estado dañado No para préstamo Localización permanente Ubicación/localización actual Fecha de adquisición Total de préstamos Signatura topográfica completa Código de barras Fecha visto por última vez Precio válido a partir de Tipo de ítem Koha
El ejemplar forma parte de la colección y puede ser consultado según las políticas vigentes.       Biblioteca del Museo Franz Mayer (Rogerio Casas-Alatriste) Biblioteca del Museo Franz Mayer (Rogerio Casas-Alatriste) 16/08/2017   BE88 .M37 1774 CFM00361 22/03/2019 22/03/2019 Libros